00286nam a2200121Ia 450000500170000000800410001708200170005810000170007524500320009226000090012430000120013365000190014520240719011434.0240331s9999 xx 000 0 und d a200.042bYUS aYusuf, M.S.M 0aMarriage and Women in Islam c1994 a54 p ., aWomen in islam